| 000 | 00450nam a2200157Ia 4500 | ||
|---|---|---|---|
| 008 | 230312s9999||||xx |||||||||||||| ||und|| | ||
| 020 | _a0-7216-0619-4 | ||
| 082 |
_a615.82 _bGOO-D |
||
| 100 | _aGoodman | ||
| 245 | 0 | _aDifferential Diagnosis for Physical Therapists:Screening for Referral | |
| 260 |
_bElsevier _aUSA _c2007 |
||
| 300 | _a911 | ||
| 546 | _aEng. | ||
| 650 |
_aPhysiotherapy _vDifferential Diagnosis for Physical Therapists |
||
| 942 | _cBK | ||
| 999 |
_c9076 _d9076 |
||